000
00280nam a2200121Ia 4500
008
191201s2006 xx 000 0 und d
100
_a
RICH, Elain
245
0
_a
Artificial Intelligence
260
_a
N. Delhi
_b
TMH
_c
2006
300
_a
621
650
_a
B.Tech(ECE)
942
_2
ddc
_c
BK
999
_c
335
_d
335